Axiologické a poetologické aspekty v koncepcii básnického prekladu zbierky Jozefa Leikerta do bieloruštiny

Bibliographic Details
Main Author: Liashuk, Viktória, 1963- (Author)
Format: Article
Language:Slovak
ISBN:9788055505879
Subjects:

MARC

LEADER 00000nab a2200000 a 4500
001 vtls010461688
003 SK-MaSNL
005 20260304024810.0
008 121019c2012 xo r m 000 00slo
015 |a SNBRA2012/11SVKPO 
038 |a SVKPO 
040 |a SVKPOCL  |b slo  |c SVKPOCL  |e AACR2 
041 0 |a slo  |b eng 
044 |a xo  |c SK 
080 |a 82.0  |2 2001 
080 |a 821.162.4-1(=162.3)  |2 2001 
080 |a 82.035:821.162.4-1(=161.3)  |2 2001 
080 |a 82.07  |2 2001 
100 1 |a Liashuk, Viktória,  |d 1963-  |4 aut  |9 173973 
245 1 0 |a Axiologické a poetologické aspekty v koncepcii básnického prekladu zbierky Jozefa Leikerta do bieloruštiny  |c Viktoria Lashuk 
500 |a V štúdii sú ukážky slovenských básní a bieloruské preklady 
504 |a Bibliogr. odkazy 
546 |a Res. eng. 
600 1 7 |a Leikert, Jozef,  |d 1955-  |t Kríže na rázcestí  |2 SNKMA  |9 1305976 
650 0 7 |a slovenská poézia  |2 SNKPH  |9 215422 
650 0 7 |a literárny preklad  |2 SNKPH  |9 28595 
650 0 7 |a lingvistická axiológia  |2 SNKPH  |9 1305977 
650 0 7 |a poetika  |2 SNKPH  |9 26963 
650 0 7 |a preklady do bieloruštiny  |2 SNKPH  |9 169690 
655 7 |a štúdie  |2 SNKPH  |9 57033 
773 0 |t K poetologickým a axiologickým aspektom slovenskej literatúry po roku 1989 V : zborník materiálov z medzinárodnej vedeckej konferencie, konanej 26.-27. mája 2011 na FF PU v Prešove / Marta Součková (ed.)  |d Prešov : Filozofická fakulta Prešovskej univerzity, 2012  |g S. 470-486  |z 9788055505879 
852 |a SVKPO  |b KIS3GCP 
958 |a SK 
958 |a NB 
958 |a LX 
958 |a BY 
999 |c 2623621  |d 2625551